000 00328nam a2200145 i 4500
001 bg
100 1 _aCOLLIE, C. H.
245 0 _aTeoria kinetyczna i entropia /
_cC.H. Collie.
260 _aWarszawa,
_c1989.
040 _cBPK
041 _apol
080 _a536.7
942 _cKS
008 s pl f |000 0 pol
999 _c29048
_d29048
856 _uhttp://koha.tu.koszalin.pl/cgi-bin/koha/opac-detail.pl?biblionumber=29048
_yKatalog online BPK